000 00657nam a2200217Ia 4500
005 20250923145120.0
008 008 250917s9999 xx 000 0 eng d
037 _aTextual
040 _aDSWL
_beng
_cDSWL
041 _aeng
_2eng
084 _aYX,ZI-z4;6-J.8-21:g.1'N66<-, N48
_qDSWL
100 _aDinnage, R.
_9831922
245 0 _aResidential child care facts
_cby R. Dinnage
260 _aLondon
_bLongmans Green & Co Ltd.
_c1967
300 _a463 p.
365 _aINR
_b30
700 _aM.L.K. Pringle
_9831923
925 _g30
942 _cTEXL
_hYX,ZI-z4;6-J.8-21:g.1'N66<-, N48
999 _c1447297
_d1447297